<?xml version="1.0" encoding="UTF-8"?>
<collection xmlns="http://www.loc.gov/MARC21/slim">
 <record>
  <leader>00652nam a22001815a 4500</leader>
  <controlfield tag="001">EHU.bham001237</controlfield>
  <controlfield tag="003">AR-BHAM</controlfield>
  <controlfield tag="005">20070315163911.0</controlfield>
  <controlfield tag="008">130507s1980##################000#0#####d</controlfield>
  <datafield tag="082" ind1="1" ind2="1">
   <subfield code="a">111</subfield>
  </datafield>
  <datafield tag="100" ind1="1" ind2=" ">
   <subfield code="a">Pro, Diego F.</subfield>
  </datafield>
  <datafield tag="245" ind1="1" ind2="0">
   <subfield code="a">Entre la ontologia y la antropologia filosofica /</subfield>
   <subfield code="c">Diego F. Pro.</subfield>
  </datafield>
  <datafield tag="260" ind1=" " ind2=" ">
   <subfield code="a">Mendoza :</subfield>
   <subfield code="b">Facultad De Filosofia Y Letras, Instituto De Filosofia,</subfield>
   <subfield code="c">1980</subfield>
  </datafield>
  <datafield tag="300" ind1=" " ind2=" ">
   <subfield code="a">130 p.</subfield>
  </datafield>
  <datafield tag="653" ind1=" " ind2=" ">
   <subfield code="a">Ontologia</subfield>
  </datafield>
  <datafield tag="859" ind1=" " ind2=" ">
   <subfield code="a">AR-BHAM</subfield>
   <subfield code="b">BIB. HUMANIDADES - General</subfield>
   <subfield code="h">111</subfield>
   <subfield code="i">P94</subfield>
   <subfield code="p">115.84</subfield>
   <subfield code="t">Ej.1</subfield>
  </datafield>
  <datafield tag="859" ind1=" " ind2=" ">
   <subfield code="a">AR-BHAM</subfield>
   <subfield code="b">BIB. HUMANIDADES - General</subfield>
   <subfield code="h">111</subfield>
   <subfield code="i">P94</subfield>
   <subfield code="p">248.84</subfield>
   <subfield code="t">Ej.1</subfield>
  </datafield>
  <datafield tag="859" ind1=" " ind2=" ">
   <subfield code="a">AR-BHAM</subfield>
   <subfield code="b">BIB. HUMANIDADES - General</subfield>
   <subfield code="h">111</subfield>
   <subfield code="i">P94</subfield>
   <subfield code="p">312.83</subfield>
   <subfield code="t">Ej.1</subfield>
  </datafield>
 </record>
</collection>
